00499 a2200181 4500003000500000005001700005020001800022040000900040082001200049245005500061260002500116300001100141505001800152650001100170942001200181999001900193952010500212Nust20170207154027.0 a9780953728046 cNust a621.325 aVerilog (Golden Reference Guide) ((E-BOOK)cDoulos aLondonbDoulosc1996 a151 p. aNot available aE-BOOK 2ddccBK c191957d191957 00102ddc40708NFICaMCSbMCSd2016-12-12l0o612.325 DOUpMCSEB-896r2016-12-08w2016-12-12yBK